Kant
| Autor Principal: | |
|---|---|
| Formato: | Conxunto |
| Idioma: | Spanish |
| Edición: | 3a ed. |
| Subjects: |
MARC
| LEADER | 00000cac a22000007a 4500 | ||
|---|---|---|---|
| 001 | 8438 | ||
| 003 | Ucuenca | ||
| 005 | 20230308225055.0 | ||
| 007 | ta | ||
| 008 | 170609b1939 sp ||||| |||| 00| 0 spa d | ||
| 040 | |b spa | ||
| 041 | |a spa | ||
| 082 | |a 193 | ||
| 100 | |a Külpe, Oswald |9 201921 | ||
| 245 | |a Kant |c Oswald Külpe |h imp | ||
| 250 | |a 3a ed. | ||
| 264 | |a Barcelona |b Labor |c 1939 | ||
| 300 | |a 184 páginas: |b ilu |c 19 cm | ||
| 650 | 0 | |a Filosofía latinoamericana |9 4877 | |
| 650 | |a Filosofia kantiana |9 28096 | ||
| 942 | |c CR | ||
| 999 | |c 151337 |d 151337 | ||